Krízový manažment výroby v podniku diplomová práca

Guardado en:
Detalles Bibliográficos
Autor principal: Šavrnochová, Monika
Autor Corporativo: Fakulta podnikového manažmentu EU. Katedra manažmentu výroby a logistiky - zrušená
Otros Autores: Boorová, Brigita, 1979-
Formato: Libro
Lenguaje:eslovaco
Publicado: Bratislava 2016
Etiquetas: Agregar Etiqueta
Sin Etiquetas, Sea el primero en etiquetar este registro!

MARC

LEADER 00000nbm a2200000 4500
001 0218513
005 20161108085836.4
041 0 |a slo 
044 |a SK 
245 1 0 |a Krízový manažment výroby v podniku  |b diplomová práca  |c Monika Šavrnochová ; školiteľ: Brigita Boorová 
264 1 |a Bratislava  |c 2016 
300 |a 65 s. 
100 1 |a Šavrnochová, Monika 
700 1 |a Boorová, Brigita, 1979- 
710 2 |a Fakulta podnikového manažmentu EU. Katedra manažmentu výroby a logistiky - zrušená